000 00458nam a22001697a 4500
999 _c62689
_d62689
005 20250123115125.0
008 250123s2020 enk||||| |||| 00| 0 eng d
020 _a9781250779878x
041 _aeng
080 _a159.9 M-96
100 _aMurphy, Kate
_924097
245 _aYou're Not Listening /
_cKate Murphy.
264 _aNew York :
_bCeladon Books,
_c2020.
300 _a290 p.;
_b22 cm.
653 _aფსიქოლოგია
942 _2udc
_cBK